| 000 | 00627nam a2200217Ia 4500 | ||
|---|---|---|---|
| 001 | 13542 | ||
| 003 | AR-BaAGN | ||
| 005 | 20231116141445.0 | ||
| 007 | ta | ||
| 008 | 211213s1910 ag |||||||||||||| ||spa d | ||
| 040 |
_dAR-BaAGN _aAR-BaAGN _bspa _eaacr |
||
| 110 | _aMunicipalidad de Buenos Aires | ||
| 245 | 1 | 0 | _aDocumentos y planos relativos al período edilicio colonial de la ciudad de Buenos Aires |
| 260 |
_aBuenos Aires : _bJ. Peuser, _c1910. |
||
| 300 |
_a5 volúmenes : _bil., mapas, plans. |
||
| 336 |
_2rdacontent _btxt |
||
| 337 |
_2rdamedia _bn |
||
| 338 |
_2rdacarrier _bnc |
||
| 942 | _cLIBRO | ||
| 999 |
_c13542 _d13542 |
||